[Event "FRA-chT3 Gr12 0304"]
[Site "Loire"]
[Date "2004.01.18"]
[Round "4.4"]
[White "Griottier, Pierre Yves"]
[Black "Maillet, Patrice"]
[Result "0-1"]
[WhiteElo "1780"]
[BlackElo "1800"]
[PlyCount "130"]
[EventDate "2003.10.12"]
[EventType "team"]
[EventRounds "9"]
[EventCountry "FRA"]
[SourceTitle "EXT 2008"]
[Source "ChessBase"]
[SourceDate "2007.11.25"]
[SourceVersion "1"]
[SourceVersionDate "2007.11.25"]
[SourceQuality "1"]

1. e4 d6 2. d4 Nf6 3. Nc3 g6 4. Nf3 Bg7 5. Bg5 0-0 6. Bc4 Nxe4 7. Nxe4 d5 8. Bd3 dxe4 9. Bxe4 c5 10. Be3 cxd4 11. Bxd4 Qa5+ 12. c3 Rd8 13. b4 Qa6 14. Bd3 Qd6 15. Bxg7 Kxg7 16. Be2 Be6 17. Qxd6 Rxd6 18. 0-0 a6 19. a3 Nc6 20. Rfd1 Rad8 21. Rxd6 Rxd6 22. Rd1 Rxd1+ 23. Bxd1 Bc4 24. Nd2 Bd3 25. Nb3 b6 26. Bf3 Ne5 27. Nd4 Nxf3+ 28. Nxf3 f6 29. Nd4 Kf7 30. f3 e5 31. Nb3 Ke6 32. Kf2 f5 33. Ke3 Bf1 34. g3 Kd5 35. Nd2 Bb5 36. h3 g5 37. g4 f4+ 38. Kf2 Bd3 39. Ke1 e4 40. fxe4+ Bxe4 41. Kf2 h6 42. Kg1 b5 43. Kf2 Ke5 44. Kg1 Bd5 45. Kf2 Kf6 46. Kg1 Kg6 47. Kf2 h5 48. Kg1 hxg4 49. hxg4 Be6 50. Kf2 Bxg4 51. c4 bxc4 52. Nxc4 Kf6 53. Nd6 Bd7 54. Ne4+ Kf5 55. Nc5 Bc8 56. a4 g4 57. b5 g3+ 58. Kg2 axb5 59. axb5 Kg4 60. b6 f3+ 61. Kg1 Kh3 62. Ne4 Bb7 63. Ng5+ Kg4 64. Ne6 f2+ 65. Kf1 Ba6+ 0-1